000
00309 a2200169 4500
001
188715
020
_a
040
_c
Magnum
100
_a
Martins, Kao
240
1
0
_a
Feminismo
_l
por
245
1
0
_a
Feminismo
300
_a
64
362
0
_a
1992
440
1
_a
LĂȘ
697
_a
SOCIOLOGIA
942
_c
BK
999
_c
188715
_d
188715